000 01336nam a2200325 i 4500
003 DO-SdBNP
005 20250115114738.0
006 a||||gr|||| 00| 0
007 ta
008 230906e2003 dr ahc|| |||| 00| 0 eng d
020 _a99934881x
040 _aDO-SdBNP
_bspa
_cBNPHU
_erda
082 4 _222
_bG984p
100 1 _aGutiérrez Félix, Euclides,
_d1936-
_eautor
_95673
245 0 0 _aPor el equilibio del mundo:
_bsesquicentenario del natalicio de José Martí. /
_cPonencias de, Euclides Gutiérrez Félix y Tony Raful; prólogo, Mateo Morrison
264 1 _aLa Abana, Cuba :
_bSecretaría de Cultura,
_c2003
300 _a32 páginas :
_bIlustraciones, facsímil, retratos ;
_c27 cm
336 _2rdacontent
_atexto
_btxt
337 _2rdamedia
_asin mediación
_bn
338 _2rdacarrier
_avolumen
_bnc
500 _aComisión Dominicana para la Conmemoración del Sesquicentenario del Nacimiento del Apóstol José Martí.
500 _aIncluye datos biográficos
504 _aBibliografías: página 31
590 _aInventariado 2023 / MF
600 1 0 _aMartí, José,
_d1853-1895
_xCrítica e Interpretación
_9645
700 1 _aRaful, Tony,
_d1951-
_eautor
_91377
700 1 _aMorrison, Mateo,
_d1947-
_eprólogo
_91469
710 1 _a República Dominicana.
_b Secretaría de Estado de Cultura
_96453
942 _2ddc
_cLF2
999 _c54642
_d54642